000 00700cab a2200181 4500
001 ##L131452
008 051103n2005 000 0 eng u
035 _a(Sirsi) u131452
041 0 _aeng
100 1 _aThompson, Max
245 0 0 _aRegional focus
_bnorth east
260 _c2005
490 0 _aQS Week
_v(26) 19 October 2005, 10-11(2)
520 _aReviews the construction market in the North East of England, where growth over the past ten years has been significantly higher than in the country as a whole. Reports on major infrastructure, housing, commercial, and public sector projects in the region. Tables.
590 _a081105
690 _aPROPERTY-PROPERTY DEVELOPMENT
942 _n0
999 _c76085
_d76085